[Event "TCh-ISR 2019"]
[Site "Israel ISR"]
[Date "2019.01.05"]
[Round "2.6"]
[Board "4"]
[White "Galburd, Yan"]
[Black "Tifferet, Shaked"]
[Result "1-0"]
[WhiteTitle "FM"]
[BlackTitle "FM"]
[WhiteElo "2397"]
[BlackElo "2243"]
[WhiteTeam "Tsafrir Rehovot Alef"]
[BlackTeam "Elitsur Ironi Netanya named Itshak Shlakman"]
[WhiteFideId "2808528"]
[BlackFideId "2811529"]
[EventDate "2019.01.04"]

1. c4 Nf6 2. Nc3 e6 3. Nf3 d5 4. e3 b6 5. b3 Bb7 6. Bb2 Be7 7. d4 O-O 8. Be2 c5
9. O-O cxd4 10. exd4 Nc6 11. Rc1 Rc8 12. Qd3 Nb4 13. Qe3 dxc4 14. bxc4 Bxf3 15.
Qxf3 Qxd4 16. Nd5 Qc5 17. Bd4 Qxd4 18. Nxe7+ Kh8 19. Nxc8 Rxc8 20. Rfd1 Qc5 21.
Qb7 Qf8 22. Qxa7 g6 23. Qxb6 Nxa2 24. Qb2 Nxc1 25. Qxf6+ Kg8 26. Rxc1 1-0

[Event "TCh-ISR 2019"]
[Site "Israel ISR"]
[Date "2019.01.05"]
[Round "2.6"]
[Board "5"]
[White "Kudischewitsch, David"]
[Black "Psakhis, Lev"]
[Result "1/2-1/2"]
[WhiteTitle "IM"]
[BlackTitle "GM"]
[WhiteElo "2348"]
[BlackElo "2455"]
[WhiteTeam "Elitsur Ironi Netanya named Itshak Shlakman"]
[BlackTeam "Tsafrir Rehovot Alef"]
[WhiteFideId "4111893"]
[BlackFideId "2800012"]
[EventDate "2019.01.04"]

1. d4 e6 2. e4 d5 3. exd5 exd5 4. Bd3 Nc6 5. c3 Bd6 6. Qf3 Nf6 7. Bg5 Be7 8. Nd2
O-O 9. h3 Ne4 10. Nxe4 Bxg5 11. Nxg5 Qxg5 1/2-1/2

[Event "TCh-ISR 2019"]
[Site "Israel ISR"]
[Date "2019.01.05"]
[Round "2.6"]
[Board "6"]
[White "Mikhalevski, Alexander"]
[Black "Lurie, Michael"]
[Result "1/2-1/2"]
[WhiteTitle "IM"]
[WhiteElo "2430"]
[BlackElo "2331"]
[WhiteTeam "Tsafrir Rehovot Alef"]
[BlackTeam "Elitsur Ironi Netanya named Itshak Shlakman"]
[WhiteFideId "2801728"]
[BlackFideId "2803844"]
[EventDate "2019.01.04"]

1. d4 Nf6 2. c4 g6 3. Nc3 d5 4. Bf4 Bg7 5. e3 c5 6. Nf3 O-O 7. dxc5 Qa5 8. Rc1
dxc4 9. Bxc4 Qxc5 10. b3 Nc6 11. O-O Bg4 12. h3 Rfd8 13. Qe2 Bxf3 14. Qxf3 Qa5
15. Ne4 Nxe4 16. Qxe4 Qxa2 17. b4 Qa3 18. b5 Na5 19. Bc7 Rd7 20. Be6 Qd3 21. Qa4
fxe6 22. Rcd1 Qxf1+ 23. Kxf1 Rxc7 24. Qxa5 b6 25. Qa2 Kf7 26. Qe2 Rac8 27. Qf3+
Bf6 28. h4 h5 29. g3 Rc2 30. Qb7 R8c5 31. Kg2 1/2-1/2

[Event "TCh-ISR 2019"]
[Site "Israel ISR"]
[Date "2019.02.08"]
[Round "3.1"]
[Board "1"]
[White "Zubov, Alexander"]
[Black "Zoler, Dan"]
[Result "1/2-1/2"]
[WhiteTitle "GM"]
[BlackTitle "GM"]
[WhiteElo "2598"]
[BlackElo "2503"]
[WhiteTeam "Elitsur Dov Petah Tiqwa"]
[BlackTeam "Hertslia"]
[WhiteFideId "14109409"]
[BlackFideId "2800705"]
[EventDate "2019.01.04"]

1. d4 d5 2. c4 c6 3. Nc3 Nf6 4. e3 e6 5. b3 Nbd7 6. Bb2 b6 7. Nf3 Bb7 8. Bd3 Bd6
9. O-O O-O 10. Rc1 Qe7 11. Qe2 dxc4 12. bxc4 e5 13. Qc2 Rfe8 14. Ne4 Nxe4 15.
Bxe4 g6 16. c5 bxc5 17. dxe5 Nxe5 18. Nxe5 Bxe5 19. Bxe5 Qxe5 20. Bf3 Ba6 21.
Rfe1 Rab8 22. Qxc5 Qxc5 23. Rxc5 Rb2 24. Ra5 Bc4 25. Rxa7 Bxa2 26. Bxc6 Rc8 27.
Be4 Rd8 28. Rb7 Rxb7 29. Bxb7 Rb8 30. Be4 Be6 31. f4 Bf5 32. Bd5 Rb1 33. Kf2
Rxe1 34. Kxe1 Kf8 35. Kd2 Ke7 36. Kc3 h6 37. h4 h5 38. Kd4 Bd7 39. Bc4 Bc6 40.
g3 Bd7 41. Bd3 f5 42. Ke5 Bc8 43. Bb5 Bb7 44. Be2 Bc8 45. Bf1 Be6 46. Bh3 Bd7
47. Bg2 Bc8 48. Bc6 Kf7 49. Ba8 Ke7 50. Bd5 Bd7 51. Bb7 Be6 52. Bg2 Bc8 53. Bf3
Kf7 54. Bd5+ Ke7 55. e4 fxe4 56. Bxe4 Kf7 57. f5 gxf5 58. Bxf5 Ba6 59. Be4 Kg7
60. Bf3 Kh6 61. Bxh5 1/2-1/2

[Event "TCh-ISR 2019"]
[Site "Israel ISR"]
[Date "2019.02.08"]
[Round "3.1"]
[Board "3"]
[White "Oratovsky, Michael"]
[Black "Caspi, Israel"]
[Result "0-1"]
[WhiteTitle "GM"]
[BlackTitle "IM"]
[WhiteElo "2462"]
[BlackElo "2455"]
[WhiteTeam "Elitsur Dov Petah Tiqwa"]
[BlackTeam "Hertslia"]
[WhiteFideId "2802090"]
[BlackFideId "2807394"]
[EventDate "2019.01.04"]

1. e4 e5 2. Bc4 Nf6 3. d3 c6 4. Nf3 Be7 5. O-O d6 6. Bb3 O-O 7. c3 Nbd7 8. Re1
Nc5 9. Bc2 Bg4 10. Nbd2 Ne6 11. h3 Bh5 12. Nf1 Nd7 13. g4 Bg6 14. Ng3 Ng5 15.
Kg2 Nxf3 16. Qxf3 Bg5 17. Bxg5 Qxg5 18. Rad1 Rfe8 19. Qe3 Qxe3 20. Rxe3 Nc5 21.
d4 Ne6 22. Ne2 a5 23. Bb3 Nf4+ 24. Kg3 a4 25. Bc2 Ne6 26. a3 exd4 27. Nxd4 Nc5
28. Rde1 f6 29. f4 Ra6 30. Bb1 Rb6 31. R3e2 Kf8 32. Kf3 Re7 33. h4 h6 34. h5 Bh7
35. Rd1 d5 36. f5 Bg8 37. Kf4 dxe4 38. Rdd2 Bd5 39. Re3 Kf7 40. Kg3 Re5 41. Rc2
Ke8 42. Rd2 Kf7 43. Kf4 Re7 44. Kg3 Bc4 45. Kf4 Bd3 46. Ba2+ Ke8 47. Bg8 Re5 48.
Kg3 Ke7 49. Ba2 Nd7 50. Ne6 Reb5 51. Nf4 Ne5 52. Ng6+ Ke8 53. Nxe5 fxe5 54. Be6
Rxb2 55. Rdxd3 exd3 56. Rxd3 Rb1 57. Rd7 R6b3 58. Rd3 Rxa3 59. Kf3 Rc1 60. Rd7 0-1

[Event "TCh-ISR 2019"]
[Site "Israel ISR"]
[Date "2019.02.08"]
[Round "3.1"]
[Board "4"]
[White "Zifroni, Dov"]
[Black "Kantarji, Pinchas"]
[Result "1/2-1/2"]
[WhiteTitle "GM"]
[BlackTitle "IM"]
[WhiteElo "2442"]
[BlackElo "2445"]
[WhiteTeam "Hertslia"]
[BlackTeam "Elitsur Dov Petah Tiqwa"]
[WhiteFideId "2800659"]
[BlackFideId "2803712"]
[EventDate "2019.01.04"]

1. d4 Nf6 2. c4 e6 3. Nf3 d5 4. g3 Be7 5. Bg2 O-O 6. O-O b6 7. cxd5 exd5 8. Nc3
Bb7 9. Bf4 Nbd7 10. Rc1 c6 11. a3 Re8 12. Re1 Nh5 13. Bd2 Bf8 14. e4 dxe4 15.
Nxe4 h6 16. Qc2 c5 17. dxc5 Nxc5 18. Nxc5 Bxc5 19. b4 Rxe1+ 20. Rxe1 Be7 21. Ng5
Bxg5 22. Bxg5 Qxg5 23. Bxb7 Rf8 24. Bf3 Nf6 25. Qc7 Qf5 26. Kg2 h5 27. h3 Rc8
28. Qxa7 Rc3 29. Qa8+ Kh7 30. a4 Ra3 31. b5 h4 32. Be4 Nxe4 33. Qxe4 Qxe4+ 34.
Rxe4 hxg3 35. fxg3 f5 36. Rc4 g5 37. Rc7+ Kg6 38. Rc6+ Kg7 39. Rc7+ Kg6 40. Ra7
f4 41. gxf4 gxf4 42. Ra6 Kf5 43. Rxb6 Rxa4 44. Rb8 Ra2+ 45. Kf3 Ra3+ 46. Ke2 Rb3
47. b6 Kg6 48. b7 Kg7 49. Kf2 Kh7 50. h4 Kg7 51. h5 Kh7 52. h6 f3 53. Kg3 f2+
54. Kxf2 Rb2+ 55. Ke1 1/2-1/2

[Event "TCh-ISR 2019"]
[Site "Israel ISR"]
[Date "2019.02.08"]
[Round "3.1"]
[Board "5"]
[White "Mesropov, Konstantin"]
[Black "Haimovich, Tal"]
[Result "0-1"]
[WhiteTitle "IM"]
[BlackTitle "IM"]
[WhiteElo "2431"]
[BlackElo "2408"]
[WhiteTeam "Elitsur Dov Petah Tiqwa"]
[BlackTeam "Hertslia"]
[WhiteFideId "4116887"]
[BlackFideId "2801698"]
[EventDate "2019.01.04"]

1. d4 Nf6 2. Nf3 e6 3. Bf4 c5 4. e3 cxd4 5. exd4 b6 6. Bd3 Be7 7. O-O O-O 8. Nc3
Bb7 9. a3 d6 10. Re1 Re8 11. Ng5 Nbd7 12. Qe2 Nf8 13. Bb5 N6d7 14. Qh5 g6 15.
Qh6 a6 16. Bc4 Bf6 17. Nce4 Bg7 18. Nxf7 Bxh6 19. Nxd8 Bxf4 20. Nxb7 d5 21. Ned6
Bxd6 22. Nxd6 dxc4 23. Nxe8 Rxe8 24. d5 e5 25. Re4 c3 26. bxc3 Nc5 27. Rb4 Nfd7
28. h4 Kf7 29. g3 Ke7 30. Kg2 Kd6 31. Rd1 a5 32. Rbb1 Na4 33. Rd3 Rc8 34. h5 g5
35. Rf3 Nxc3 36. Re1 Nxd5 37. Rf7 N5f6 38. Rg7 g4 39. Re2 Rc3 40. h6 Ke6 41. Rd2
Rxa3 42. Rdxd7 Nxd7 43. Rxh7 Rf3 44. Rg7 Rf8 45. Rxg4 Rh8 46. Rg6+ Kf5 47. Rd6
Rh7 48. Kf3 a4 49. g4+ Kg5 50. Kg3 a3 51. Rd3 a2 52. Ra3 Rxh6 53. Rxa2 Rc6 54.
Ra7 Nf8 55. Rb7 Ne6 56. c4 Rxc4 57. Rxb6 Rxg4+ 58. Kf3 Nd4+ 59. Ke3 Kf5 60. Rb8
Re4+ 61. Kd3 Ne6 62. f3 Nf4+ 63. Kd2 Re2+ 64. Kd1 Re3 65. Rf8+ Ke6 66. Re8+ Kf6
67. Rf8+ Ke7 68. Rf5 Ke6 0-1

[Event "TCh-ISR 2019"]
[Site "Israel ISR"]
[Date "2019.02.08"]
[Round "3.1"]
[Board "6"]
[White "Lev, Ronen"]
[Black "Bykhovsky, Avigdor"]
[Result "0-1"]
[WhiteTitle "GM"]
[BlackTitle "GM"]
[WhiteElo "2355"]
[BlackElo "2419"]
[WhiteTeam "Hertslia"]
[BlackTeam "Elitsur Dov Petah Tiqwa"]
[WhiteFideId "2800063"]
[BlackFideId "4101057"]
[EventDate "2019.01.04"]

1. d4 Nf6 2. c4 e6 3. Nc3 Bb4 4. Qc2 O-O 5. a3 Bxc3+ 6. Qxc3 b6 7. b4 Bb7 8. Bb2
d6 9. f3 c5 10. Rd1 Qe7 11. dxc5 bxc5 12. e3 Nbd7 13. Bd3 Rfc8 14. b5 a6 15. a4
axb5 16. axb5 Nb6 17. Ne2 d5 18. Kf2 dxc4 19. Bxc4 Bd5 20. Bd3 Na4 21. Qc1 Bb3
22. Bc2 Bxc2 23. Qxc2 Nd5 24. Ba1 Nb4 25. Qc4 Nb6 26. Qc3 f6 27. Rb1 Ra2 28.
Rhd1 Qe8 29. Qb3 Rca8 30. Bb2 Qxb5 31. Qxe6+ Kh8 32. Nc1 R2a7 33. Qe4 Re8 34.
Qf5 Nc4 35. e4 Qa4 36. Nd3 Qc2+ 0-1

[Event "TCh-ISR 2019"]
[Site "Israel ISR"]
[Date "2019.02.08"]
[Round "3.2"]
[Board "1"]
[White "Baron, Tal"]
[Black "Tifferet, Shaked"]
[Result "1-0"]
[WhiteTitle "GM"]
[BlackTitle "FM"]
[WhiteElo "2519"]
[BlackElo "2243"]
[WhiteTeam "Feldklain Rishon leTsion"]
[BlackTeam "Elitsur Ironi Netanya named Itshak Shlakman"]
[WhiteFideId "2809958"]
[BlackFideId "2811529"]
[EventDate "2019.01.04"]

1. Nf3 Nf6 2. d4 d5 3. c4 e6 4. g3 Be7 5. Bg2 O-O 6. Qc2 c5 7. O-O cxd4 8. Nxd4
Nc6 9. Nxc6 bxc6 10. b3 Ba6 11. Rd1 Qb6 12. Nd2 Ng4 13. e3 d4 14. Nf1 Bc5 15.
Qe4 dxe3 16. Qxg4 exf2+ 17. Kh1 f5 18. Qe2 Rae8 19. Qe5 Be7 20. Qxe6+ Kh8 21.
Qxc6 Bf6 22. Qxb6 axb6 23. Rb1 Re2 24. Bd2 g5 25. h3 g4 26. h4 h5 27. Bd5 Be5
28. Kg2 Re8 29. a4 Kg7 30. Be3 Ra2 31. Rd3 Kg6 32. Rbd1 Bc7 33. R1d2 Rxd2 34.
Rxd2 f4 35. gxf4 Bc8 36. Kxf2 Rf8 37. Be4+ Kg7 38. Ng3 1-0

[Event "TCh-ISR 2019"]
[Site "Israel ISR"]
[Date "2019.02.08"]
[Round "3.2"]
[Board "2"]
[White "Abergel, Thal"]
[Black "Alterman, Boris"]
[Result "0-1"]
[WhiteTitle "GM"]
[BlackTitle "GM"]
[WhiteElo "2422"]
[BlackElo "2605"]
[WhiteTeam "Elitsur Ironi Netanya named Itshak Shlakman"]
[BlackTeam "Feldklain Rishon leTsion"]
[WhiteFideId "614890"]
[BlackFideId "2801906"]
[EventDate "2019.01.04"]

1. e4 c5 2. Nc3 Nc6 3. Bb5 Nd4 4. Bc4 e6 5. Nf3 Ne7 6. O-O Nec6 7. d3 Be7 8.
Nxd4 cxd4 9. Ne2 O-O 10. Bb3 b5 11. Bd2 a5 12. a4 b4 13. f4 Bb7 14. f5 Rc8 15.
Nf4 Ne5 16. Qh5 Bf6 17. Rf2 Rc5 18. fxe6 dxe6 19. Qh3 Bc8 20. Raf1 Bh4 21. g3
Bg5 22. g4 g6 23. Nxe6 Bxe6 24. Bxg5 Qxg5 25. Bxe6 h5 26. Bb3 Kg7 27. Qg3 Qxg4
28. Qxg4 hxg4 29. Kg2 Rc7 30. Rf4 f6 31. R1f2 Rc6 32. Bd5 Rd6 33. Bb3 Rh8 34.
Kf1 Rh3 35. Kg2 Re3 36. Bd5 Re1 37. b3 g5 38. Rf5 Ng6 39. Rf1 Re3 40. Bc4 Nh4+
41. Kg1 g3 42. Rxa5 g2 43. Ra1 Kg6 44. Rf5 Nxf5 45. exf5+ Kxf5 46. a5 Re8 47. a6
Ra8 48. Kxg2 Kf4 49. Kf2 Ra7 50. Ra5 g4 51. Ra4 Rb6 52. Ra5 f5 53. Rd5 Rh6 54.
Rxd4+ Kg5 55. Kg1 Rah7 56. h3 Rxh3 57. Rd8 Rh1+ 58. Kf2 f4 59. Rg8+ Kf5 60. Rf8+
Kg5 61. Rg8+ Kh4 62. Be6 g3+ 63. Kf3 Rf1+ 64. Ke4 Re1+ 65. Kf5 Rxe6 66. a7 Rf6+
67. Kxf6 Rxa7 68. Kf5 Rf7+ 0-1

[Event "TCh-ISR 2019"]
[Site "Israel ISR"]
[Date "2019.02.08"]
[Round "3.2"]
[Board "4"]
[White "Kudischewitsch, David"]
[Black "Zanan, Evgeny"]
[Result "1/2-1/2"]
[WhiteTitle "IM"]
[BlackTitle "IM"]
[WhiteElo "2348"]
[BlackElo "2528"]
[WhiteTeam "Elitsur Ironi Netanya named Itshak Shlakman"]
[BlackTeam "Feldklain Rishon leTsion"]
[WhiteFideId "4111893"]
[BlackFideId "24101940"]
[EventDate "2019.01.04"]

1. d4 Nf6 2. c4 g6 3. f3 c5 4. dxc5 Qa5+ 5. Bd2 Qxc5 6. e4 Bg7 7. Bc3 Nc6 8. Qd2
d6 9. Na3 O-O 10. Ne2 a6 11. Nc1 Nh5 12. Bxg7 Nxg7 13. Nd3 Qd4 14. Nf4 Qe5 15.
O-O-O b5 16. Nd5 Ne6 17. Qe3 b4 18. f4 Qg7 19. Nc2 Rb8 20. f5 b3 21. axb3 gxf5
22. exf5 Nc5 23. f6 exf6 24. b4 Bg4 25. Re1 Nd7 26. Qf4 Nce5 27. Re3 Qg5 28. h3
Qxf4 29. Nxf4 Bf5 30. Nd4 Bg6 31. Nd5 Kg7 32. b3 Nb6 33. Nc7 1/2-1/2

[Event "TCh-ISR 2019"]
[Site "Israel ISR"]
[Date "2019.02.08"]
[Round "3.2"]
[Board "5"]
[White "Liss, Eran"]
[Black "Vaissenberg, Pinhas"]
[Result "1-0"]
[WhiteTitle "GM"]
[WhiteElo "2431"]
[BlackElo "2224"]
[WhiteTeam "Feldklain Rishon leTsion"]
[BlackTeam "Elitsur Ironi Netanya named Itshak Shlakman"]
[WhiteFideId "2800721"]
[BlackFideId "2807505"]
[EventDate "2019.01.04"]

1. e4 e5 2. Nf3 Nc6 3. Bb5 Nge7 4. d4 exd4 5. Nxd4 Nxd4 6. Qxd4 Nc6 7. Qd3 Be7
8. Nc3 Ne5 9. Qg3 Ng6 10. O-O c6 11. Be2 d6 12. f4 O-O 13. f5 Bh4 14. Qh3 Ne5
15. Be3 Qe7 16. Rad1 b5 17. a3 a5 18. Rd4 Bb7 19. Rfd1 Rfd8 20. Bf4 Bf6 21. Kh1
Nc4 22. Bxc4 Bxd4 23. Rxd4 bxc4 24. Qg3 d5 25. e5 f6 26. exf6 Qxf6 27. Be5 Qf8
28. Bxg7 Qxg7 29. Rg4 Qxg4 30. Qxg4+ Kf7 31. Qh5+ Kg7 32. Qg5+ Kf7 33. Qh6 Kg8
34. Qe6+ Kh8 35. h4 Rg8 36. h5 Rg4 37. f6 1-0

[Event "TCh-ISR 2019"]
[Site "Israel ISR"]
[Date "2019.02.08"]
[Round "3.2"]
[Board "6"]
[White "Lurie, Michael"]
[Black "Kaspi, Alexander"]
[Result "1/2-1/2"]
[BlackTitle "IM"]
[WhiteElo "2331"]
[BlackElo "2464"]
[WhiteTeam "Elitsur Ironi Netanya named Itshak Shlakman"]
[BlackTeam "Feldklain Rishon leTsion"]
[WhiteFideId "2803844"]
[BlackFideId "2802910"]
[EventDate "2019.01.04"]

1. Nf3 d5 2. b3 c5 3. e3 Nc6 4. Bb2 a6 5. Be2 Nf6 6. O-O Bg4 7. c4 dxc4 8. Bxf6
gxf6 9. bxc4 e6 10. Nc3 Be7 11. d4 cxd4 12. exd4 Bxf3 13. Bxf3 Nxd4 14. Bxb7 Ra7
15. Rb1 f5 16. Ne2 Nxe2+ 17. Qxe2 Qc7 18. Bc6+ Qxc6 19. Rb8+ Bd8 20. Rxd8+ Kxd8
21. Qe5 Ke7 22. Qxh8 Qxc4 23. Qxh7 Rd7 24. Qg7 Qd4 25. Qg5+ Qf6 26. Qe3 Qd4 27.
Qg5+ Qf6 28. Qe3 Qd4 1/2-1/2

[Event "TCh-ISR 2019"]
[Site "Israel ISR"]
[Date "2019.02.08"]
[Round "3.3"]
[Board "1"]
[White "Boruchovsky, Avital"]
[Black "Sivuk, Vitaly"]
[Result "0-1"]
[WhiteTitle "GM"]
[BlackTitle "GM"]
[WhiteElo "2525"]
[BlackElo "2552"]
[WhiteTeam "Kfar Saba"]
[BlackTeam "haPoel Petah Tiqwa Alef"]
[WhiteFideId "2800055"]
[BlackFideId "14116502"]
[EventDate "2019.01.04"]

1. Nf3 Nf6 2. d4 e6 3. g3 b5 4. a4 b4 5. Bg2 d5 6. O-O Ba6 7. Nbd2 c5 8. Re1 Nc6
9. e4 cxd4 10. exd5 Nxd5 11. Nb3 Be7 12. Nfxd4 Nxd4 13. Nxd4 Bb7 14. c4 bxc3 15.
Qg4 Nf6 16. Qxg7 Rg8 17. Qxg8+ Nxg8 18. Bxb7 Qxd4 19. Bxa8 cxb2 20. Bxb2 Qxb2
21. Rab1 Qg7 22. Bc6+ Kd8 23. Red1+ Kc7 24. Bf3 Ba3 25. Rb3 Bc5 26. Rb7+ Kc8 27.
Rc1 Qd4 28. Rc2 Nf6 29. Kg2 Ne4 30. Rxf7 Qd3 31. Rb2 Nd2 32. Bb7+ Kd8 33. h4 Ke8
34. Rf4 Ke7 35. Bc6 Kd6 36. Ba8 e5 37. Rf8 Ke6 38. Re8+ Kf6 39. Rbb8 Qf1+ 40.
Kh2 e4 41. Bxe4 Nxe4 42. Rxe4 Qxf2+ 43. Kh3 Qf5+ 0-1

[Event "TCh-ISR 2019"]
[Site "Israel ISR"]
[Date "2019.02.08"]
[Round "3.3"]
[Board "2"]
[White "Steinberg, Nitzan"]
[Black "Grinberg, Eyal"]
[Result "1-0"]
[WhiteTitle "GM"]
[BlackTitle "IM"]
[WhiteElo "2530"]
[BlackElo "2470"]
[WhiteTeam "haPoel Petah Tiqwa Alef"]
[BlackTeam "Kfar Saba"]
[WhiteFideId "2801795"]
[BlackFideId "2806070"]
[EventDate "2019.01.04"]

1. e4 c5 2. Nf3 d6 3. Bb5+ Nd7 4. O-O a6 5. Bd3 Ngf6 6. c3 g6 7. Bc2 Bg7 8. d4
Qc7 9. Re1 e5 10. a4 O-O 11. Bg5 h6 12. Bh4 Rb8 13. Na3 b5 14. Qe2 c4 15. Rad1
Re8 16. Bg3 Nh5 17. Bb1 Nxg3 18. hxg3 Nf6 19. b3 Qa5 20. bxc4 Qxa4 21. Qb2 Bg4
22. cxb5 axb5 23. Bc2 Qa5 24. Bd3 exd4 25. cxd4 b4 26. Nc4 Qc7 27. Rc1 Qd8 28.
e5 dxe5 29. Nfxe5 Rc8 30. Ne3 Rxc1 31. Rxc1 Be6 32. Bb5 Rf8 33. Qxb4 Nd5 34.
Nxd5 Qxd5 35. Bc6 Qa2 36. Re1 Rd8 37. Qb6 Rf8 38. Qc5 Rd8 39. Qb6 Rf8 40. Qc5
Rd8 41. Bf3 Qd2 42. Rd1 Qg5 43. Qc3 Bxe5 44. dxe5 Rxd1+ 45. Bxd1 Qd8 46. Be2 h5
47. Qb4 Qc7 48. Qf4 Qc3 49. Kh2 Qe1 50. Bd3 Qc3 51. Be4 Qd4 52. f3 Qc4 53. Qh6
Qa2 54. f4 Bd5 55. Bxd5 Qxd5 56. f5 Qxe5 57. fxg6 fxg6 58. Qxg6+ Kf8 59. Kh3 Qe1
60. Qf5+ Kg8 61. Kh4 Qh1+ 62. Qh3 Qe1 63. Qc8+ Kf7 64. Qf5+ Ke7 65. Kxh5 Qh1+
66. Qh3 Qf1 67. Qh4+ Kd7 68. Qg4+ Ke7 69. Qe4+ Kd7 70. Kg6 Qa6+ 71. Kg5 Qa2 72.
g4 Qd2+ 73. Kh5 Qd1 74. Qf3 Qh1+ 75. Kg6 Qh2 76. g5 Qd6+ 77. Kh5 Qe5 78. Kh4
Qe1+ 79. g3 Qd2 80. Qf5+ Ke7 81. Qe4+ Kd7 82. g6 Qd6 83. Qf5+ Kd8 84. g7 Qh6+
85. Qh5 Qxg7 86. Qg5+ Qe7 87. g4 Ke8 88. Qxe7+ Kxe7 89. Kg5 Kf8 90. Kg6 1-0

[Event "TCh-ISR 2019"]
[Site "Israel ISR"]
[Date "2019.02.08"]
[Round "3.3"]
[Board "3"]
[White "Givon, Asaf"]
[Black "Rechlis, Gad"]
[Result "1/2-1/2"]
[WhiteTitle "IM"]
[BlackTitle "GM"]
[WhiteElo "2465"]
[BlackElo "2526"]
[WhiteTeam "Kfar Saba"]
[BlackTeam "haPoel Petah Tiqwa Alef"]
[WhiteFideId "2801841"]
[BlackFideId "2800047"]
[EventDate "2019.01.04"]

1. e4 c5 2. Nf3 Nc6 3. Bb5 g6 4. Bxc6 dxc6 5. d3 Bg7 6. h3 Nf6 7. Nc3 Nd7 8. Be3
e5 9. Qd2 h6 10. O-O b6 11. Nh2 Nf8 12. f4 exf4 13. Rxf4 Be6 14. Rf2 g5 15. Raf1
Qd6 16. a4 a5 17. Ng4 O-O-O 18. e5 Bxe5 19. Ne4 Qc7 20. b4 axb4 21. a5 Bd4 22.
Bxd4 cxd4 23. axb6 Qxb6 24. Ne5 Ng6 25. Nxf7 Bxf7 26. Rxf7 Rhf8 27. Qe2 Kb8 28.
Rxf8 Rxf8 29. Rxf8+ Nxf8 30. Nxg5 Nd7 31. Qe8+ Kc7 32. Nf7 c5 33. Qd8+ Kc6 34.
Qa8+ Kc7 35. Qd8+ Kc6 36. Qa8+ Kc7 37. Qd8+ 1/2-1/2

[Event "TCh-ISR 2019"]
[Site "Israel ISR"]
[Date "2019.02.08"]
[Round "3.3"]
[Board "4"]
[White "Manor, Ilan"]
[Black "Mindlin, Alon"]
[Result "1-0"]
[WhiteTitle "GM"]
[BlackTitle "IM"]
[WhiteElo "2472"]
[BlackElo "2462"]
[WhiteTeam "haPoel Petah Tiqwa Alef"]
[BlackTeam "Kfar Saba"]
[WhiteFideId "2800110"]
[BlackFideId "2800071"]
[EventDate "2019.01.04"]

1. d4 Nf6 2. c4 e6 3. Nf3 Bb4+ 4. Bd2 Qe7 5. g3 Nc6 6. Bg2 Bxd2+ 7. Nbxd2 d6 8.
Nf1 d5 9. N1d2 O-O 10. O-O Rd8 11. e3 Bd7 12. Rc1 Be8 13. cxd5 exd5 14. Qb3 a5
15. Rc5 a4 16. Qc3 Qd6 17. Rc1 Nd7 18. Rb5 Nb6 19. Bf1 a3 20. b3 Rdc8 21. Bh3
Rd8 22. Qc5 Qh6 23. Kg2 Rd6 24. Nh4 Ne7 25. Ra5 Rxa5 26. Qxa5 Bc6 27. Qa7 Rd8
28. Qxa3 Qf6 29. Nhf3 Ra8 30. Qb2 h5 31. Ne5 g5 32. Kg1 g4 33. Bg2 Nf5 34. a4
Nc8 35. b4 Rxa4 36. b5 Be8 37. Rxc7 Nb6 38. Rxb7 Ra8 39. e4 Na4 40. Qb4 Qd6 41.
Nc6 Qxb4 42. Nxb4 Nxd4 43. b6 Bb5 44. Bf1 Bxf1 45. Kxf1 dxe4 46. Rd7 Nf3 47. b7
Nxd2+ 48. Ke2 Rb8 49. Nc6 Rxb7 50. Rxb7 Nc4 51. Ne7+ Kg7 52. Nd5 Nd6 53. Rd7 Ne8
54. Ra7 Nc5 55. Nf4 Nf6 56. Ra5 Nb3 57. Nxh5+ Kh6 58. Ra6 1-0

[Event "TCh-ISR 2019"]
[Site "Israel ISR"]
[Date "2019.02.08"]
[Round "3.3"]
[Board "5"]
[White "Rozentalis, Eduardas"]
[Black "Drori, Saar"]
[Result "1-0"]
[WhiteTitle "GM"]
[BlackTitle "IM"]
[WhiteElo "2526"]
[BlackElo "2386"]
[WhiteTeam "Kfar Saba"]
[BlackTeam "haPoel Petah Tiqwa Alef"]
[WhiteFideId "12800023"]
[BlackFideId "2812444"]
[EventDate "2019.01.04"]

1. e4 c5 2. Nf3 d6 3. Bb5+ Nd7 4. Ba4 Nf6 5. O-O Nxe4 6. Re1 d5 7. c4 Nf6 8.
cxd5 Nxd5 9. d4 Nb6 10. dxc5 Nxa4 11. Qxa4 e6 12. Be3 Be7 13. Nc3 O-O 14. Rad1
Qe8 15. b4 a6 16. Bf4 Nf6 17. Qxe8 Rxe8 18. Bd6 Bd8 19. Ne5 Nd7 20. Nc4 b5 21.
Ne5 Nxe5 22. Bxe5 Bb7 23. Ne4 Bc6 24. a3 Be7 25. Bd6 Bd8 26. f3 Rc8 27. Kf2 f6
28. Bg3 Be7 29. Nd6 Bxd6 30. Rxd6 Kf7 31. f4 Re7 32. Bh4 h6 33. g4 Ree8 34. Bg3
Re7 35. h4 Ree8 36. g5 h5 37. f5 e5 38. Ke3 Red8 39. Red1 Rxd6 40. Rxd6 Ke7 41.
Be1 Rc7 42. Bc3 Rc8 43. Bd2 Rc7 44. Kf2 Bb7 45. Re6+ Kf7 46. Rb6 Bc8 47. Be3
Bxf5 48. Rxa6 Bd7 49. Rb6 Ke7 50. gxf6+ gxf6 51. a4 bxa4 52. b5 a3 53. c6 a2 54.
Ra6 Be6 55. Bc5+ Kf7 56. Bd6 Rc8 57. Ra7+ Kg6 58. b6 Rxc6 59. b7 Rc2+ 60. Ke3
Rc3+ 61. Kd2 Rb3 62. b8=Q Rxb8 63. Bxb8 Kf5 64. Bc7 Kg4 65. Bd8 f5 66. Bf6 Kf4
67. Ke2 Bc4+ 68. Kf2 e4 69. Bg5+ Kg4 70. Ke3 Bd5 71. Rg7 Be6 72. Bf6+ Kh3 73.
Kf4 1-0

[Event "TCh-ISR 2019"]
[Site "Israel ISR"]
[Date "2019.02.08"]
[Round "3.3"]
[Board "6"]
[White "Bitensky, Igor"]
[Black "Gorshtein, Ido"]
[Result "1/2-1/2"]
[WhiteTitle "IM"]
[BlackTitle "FM"]
[WhiteElo "2373"]
[BlackElo "2382"]
[WhiteTeam "haPoel Petah Tiqwa Alef"]
[BlackTeam "Kfar Saba"]
[WhiteFideId "2804085"]
[BlackFideId "2815532"]
[EventDate "2019.01.04"]

1. e4 c6 2. d4 d5 3. e5 Bf5 4. h4 Qb6 5. a4 a5 6. Ne2 h6 7. Ra3 e6 8. Rb3 Qc7 9.
Ng3 Bh7 10. Na3 Nd7 11. Be2 Ne7 12. c4 dxc4 13. Nxc4 Nd5 14. O-O Nb4 15. Qd2 Nb6
16. f4 Nxc4 17. Bxc4 O-O-O 18. Qf2 c5 19. dxc5 Bxc5 20. Be3 Bxe3 21. Qxe3 Kb8
22. Be2 Nc2 23. Qc3 Nd4 24. Qxc7+ Kxc7 25. Rc3+ Kb8 26. Bh5 Rd7 27. Rfc1 Rhd8
28. Kh2 Nc6 29. Rc5 Bd3 30. R1c3 Nb4 31. Rb3 b6 32. Rc1 g6 33. Bf3 Rd4 34. h5
Rxf4 35. hxg6 fxg6 36. Nh1 Rfd4 37. Nf2 Bc4 38. Rbc3 Bd5 39. Bxd5 R4xd5 40. Rg3
g5 41. Rh3 Rxe5 42. Rxh6 Re2 43. Nh3 Nd3 44. Rd1 Rd5 45. Rf1 Kc7 46. Rg6 Ne1 47.
Nxg5 Rxg2+ 48. Kh3 Rgxg5 49. Rxg5 Rxg5 50. Rxe1 Kd6 51. Rd1+ Rd5 52. Rc1 Rd3+
53. Kg4 Rd4+ 54. Kf3 Rxa4 55. Ke3 Rb4 56. Rc2 e5 57. Kd3 Kd5 58. Rh2 Rb3+ 59.
Kc2 Rg3 60. Rh6 b5 61. Rb6 Rg2+ 62. Kb3 a4+ 63. Ka3 Kc5 64. Re6 Re2 65. b4+ Kd5
66. Rd6+ Ke4 67. Rd4+ Kf3 68. Rf4+ Ke3 69. Rf3+ Ke4 70. Rf4+ Kd3 71. Rd4+ Kc2
72. Rd5 Re3+ 73. Ka2 Kc3 74. Rxb5 Kc4 75. Rb8 e4 76. b5 a3 77. b6 Kb5 78. Ka1
Re1+ 79. Ka2 Re3 80. Ka1 Kb4 81. Rh8 Re1+ 82. Ka2 Re2+ 83. Ka1 Kb3 84. Rh1 Ra2+
85. Kb1 Rb2+ 86. Ka1 Kc4 87. Rb1 Kd5 1/2-1/2